00558 2200169 4500001002100000005001500021035002000036008003900056245012700095100002000222260006100242300002400303084001800327082000800345650001500353990002000368INLIS00000000000757220251124114718 a0010-1125000446251124 | | | 1 aPerlawanan Pihak Ketiga Terhadap Sita Eksekutorial Dalam Perkara Perdata Di Pengadilan Negeri Tenggarong /cRini Setiowati aSetiowati, Rini aTenggarong :bFAHUM-Universitas Kutai Kartanegara,c2016 a97 hlm. ;c21x30 cm a340 SET P C.1 a340 4aIlmu Hukum a181213110010840